<?xml version="1.0" encoding="UTF-8"?>
<record
    xmlns:xsi="http://www.w3.org/2001/XMLSchema-instance"
    xsi:schemaLocation="http://www.loc.gov/MARC21/slim http://www.loc.gov/standards/marcxml/schema/MARC21slim.xsd"
    xmlns="http://www.loc.gov/MARC21/slim">

  <leader>02065nam0a2200361   4500</leader>
  <controlfield tag="001">RU\NLR\bibl\1847503</controlfield>
  <controlfield tag="005">20260407171023.0</controlfield>
  <datafield tag="010" ind1=" " ind2=" ">
    <subfield code="a">978-5-699-50872-3</subfield>
    <subfield code="9">5000</subfield>
  </datafield>
  <datafield tag="021" ind1=" " ind2=" ">
    <subfield code="a">RU</subfield>
    <subfield code="b">2011-91594</subfield>
    <subfield code="9">598&#x434;/11</subfield>
  </datafield>
  <datafield tag="035" ind1=" " ind2=" ">
    <subfield code="a">(NLR Aleph) 001837925</subfield>
  </datafield>
  <datafield tag="090" ind1=" " ind2=" ">
    <subfield code="a">2231549</subfield>
    <subfield code="c">2231549</subfield>
  </datafield>
  <datafield tag="100" ind1=" " ind2=" ">
    <subfield code="a">20111213d2011    |||y0rusy50      ca</subfield>
  </datafield>
  <datafield tag="101" ind1="0" ind2=" ">
    <subfield code="a">rus</subfield>
  </datafield>
  <datafield tag="102" ind1=" " ind2=" ">
    <subfield code="a">RU</subfield>
  </datafield>
  <datafield tag="105" ind1=" " ind2=" ">
    <subfield code="a">a   |||||||||</subfield>
  </datafield>
  <datafield tag="200" ind1="1" ind2=" ">
    <subfield code="a">6 &#x43A;&#x43E;&#x43C;&#x435;&#x434;&#x438;&#x439;</subfield>
    <subfield code="f">[&#x41B;&#x435;&#x43E;&#x43D;&#x438;&#x434; &#x411;&#x430;&#x440;&#x430;&#x446;, &#x420;&#x43E;&#x441;&#x442;&#x438;&#x441;&#x43B;&#x430;&#x432; &#x425;&#x430;&#x439;&#x442;, &#x410;&#x43B;&#x435;&#x43A;&#x441;&#x430;&#x43D;&#x434;&#x440; &#x414;&#x435;&#x43C;&#x438;&#x434;&#x43E;&#x432;, &#x41A;&#x430;&#x43C;&#x438;&#x43B;&#x44C; &#x41B;&#x430;&#x440;&#x438;&#x43D;]</subfield>
    <subfield code="g">&#x41A;&#x432;&#x430;&#x440;&#x442;&#x435;&#x442; &#x418; [&#x43A;&#x43E;&#x43C;&#x438;&#x447;&#x435;&#x441;&#x43A;&#x438;&#x439; &#x442;&#x435;&#x430;&#x442;&#x440;]</subfield>
  </datafield>
  <datafield tag="210" ind1=" " ind2=" ">
    <subfield code="a">&#x41C;&#x43E;&#x441;&#x43A;&#x432;&#x430;</subfield>
    <subfield code="c">&#x42D;&#x43A;&#x441;&#x43C;&#x43E;</subfield>
    <subfield code="d">2011</subfield>
  </datafield>
  <datafield tag="215" ind1=" " ind2=" ">
    <subfield code="a">508, [2] &#x441;., [8] &#x43B;. &#x446;&#x432;. &#x438;&#x43B;.</subfield>
    <subfield code="d">21</subfield>
  </datafield>
  <datafield tag="300" ind1=" " ind2=" ">
    <subfield code="a">&#x410;&#x432;&#x442;. &#x443;&#x43A;&#x430;&#x437;&#x430;&#x43D;&#x44B; &#x432; &#x442;&#x435;&#x43A;&#x441;&#x442;&#x435; &#x430;&#x43D;&#x43D;&#x43E;&#x442;. &#x43D;&#x430; 4-&#x439; &#x441;. &#x43E;&#x431;&#x43B;.</subfield>
  </datafield>
  <datafield tag="327" ind1="1" ind2=" ">
    <subfield code="a">&#x421;&#x43E;&#x434;&#x435;&#x440;&#x436;.: &#x414;&#x435;&#x43D;&#x44C; &#x440;&#x430;&#x434;&#x438;&#x43E;; &#x414;&#x435;&#x43D;&#x44C; &#x432;&#x44B;&#x431;&#x43E;&#x440;&#x43E;&#x432;; &#x411;&#x44B;&#x441;&#x442;&#x440;&#x435;&#x435;, &#x447;&#x435;&#x43C; &#x43A;&#x440;&#x43E;&#x43B;&#x438;&#x43A;&#x438;; &#x420;&#x430;&#x437;&#x433;&#x43E;&#x432;&#x43E;&#x440;&#x44B; &#x43C;&#x443;&#x436;&#x447;&#x438;&#x43D; &#x441;&#x440;&#x435;&#x434;&#x43D;&#x435;&#x433;&#x43E; &#x432;&#x43E;&#x437;&#x440;&#x430;&#x441;&#x442;&#x430; &#x43E; &#x436;&#x435;&#x43D;&#x449;&#x438;&#x43D;&#x430;&#x445;, &#x43A;&#x438;&#x43D;&#x43E; &#x438; &#x430;&#x43B;&#x44E;&#x43C;&#x438;&#x43D;&#x438;&#x435;&#x432;&#x44B;&#x445; &#x432;&#x438;&#x43B;&#x43A;&#x430;&#x445;; &#x41C;&#x438;&#x43B;&#x435;&#x439;&#x448;&#x438;&#x439; &#x421;&#x435;&#x43B;&#x438;&#x43C;&#x430;&#x440;; &#x41E;&#x434;&#x438;&#x43D; &#x434;&#x435;&#x43D;&#x44C; &#x438;&#x437; &#x436;&#x438;&#x437;&#x43D;&#x438; &#x425;&#x43E;&#x440;&#x430;&#x441;&#x430; &#x412;&#x430;&#x43D;&#x434;&#x435;&#x440;&#x433;&#x435;&#x43B;&#x44C;&#x434;&#x435;&#x440;&#x430;, &#x43F;&#x43E;&#x447;&#x435;&#x442;&#x43D;&#x43E;&#x433;&#x43E; &#x433;&#x440;&#x430;&#x436;&#x434;&#x430;&#x43D;&#x438;&#x43D;&#x430; &#x433;&#x43E;&#x440;&#x43E;&#x434;&#x430; &#x419;&#x43E;&#x43D;&#x43A;&#x435;&#x440;&#x441;&#x430;, &#x442;&#x43E;&#x440;&#x433;&#x43E;&#x432;&#x446;&#x430; &#x431;&#x430;&#x43A;&#x430;&#x43B;&#x435;&#x439;&#x43D;&#x44B;&#x43C;&#x438; &#x442;&#x43E;&#x432;&#x430;&#x440;&#x430;&#x43C;&#x438;, &#x445;&#x43E;&#x43B;&#x43E;&#x441;&#x442;&#x44F;&#x43A;&#x430;; &#x425;&#x435;&#x43B;&#x43B;&#x43E;, &#x414;&#x43E;&#x43B;&#x43B;&#x438;!</subfield>
  </datafield>
  <datafield tag="686" ind1=" " ind2=" ">
    <subfield code="a">&#x428;6(2=&#x420;)8-64</subfield>
  </datafield>
  <datafield tag="701" ind1=" " ind2="1">
    <subfield code="4">070</subfield>
    <subfield code="8">rus</subfield>
    <subfield code="7">ca</subfield>
    <subfield code="a">&#x411;&#x430;&#x440;&#x430;&#x446;</subfield>
    <subfield code="b">&#x41B;.</subfield>
    <subfield code="f">1971-</subfield>
    <subfield code="g">&#x41B;&#x435;&#x43E;&#x43D;&#x438;&#x434;</subfield>
    <subfield code="3">RU\NLR\auth\77107071</subfield>
    <subfield code="9">89996</subfield>
  </datafield>
  <datafield tag="701" ind1=" " ind2="1">
    <subfield code="4">070</subfield>
    <subfield code="8">rus</subfield>
    <subfield code="7">ca</subfield>
    <subfield code="a">&#x425;&#x430;&#x438;&#x442;</subfield>
    <subfield code="b">&#x420;.</subfield>
    <subfield code="f">1971-</subfield>
    <subfield code="g">&#x420;&#x43E;&#x441;&#x442;&#x438;&#x441;&#x43B;&#x430;&#x432;</subfield>
    <subfield code="3">RU\NLR\auth\77107072</subfield>
    <subfield code="9">89997</subfield>
  </datafield>
  <datafield tag="701" ind1=" " ind2="1">
    <subfield code="4">070</subfield>
    <subfield code="8">rus</subfield>
    <subfield code="7">ca</subfield>
    <subfield code="a">&#x414;&#x435;&#x43C;&#x438;&#x434;&#x43E;&#x432;</subfield>
    <subfield code="b">&#x410;. &#x421;.</subfield>
    <subfield code="c">&#x430;&#x43A;&#x442;&#x435;&#x440;, &#x43F;&#x43E;&#x44D;&#x442;</subfield>
    <subfield code="f">1970-</subfield>
    <subfield code="g">&#x410;&#x43B;&#x435;&#x43A;&#x441;&#x430;&#x43D;&#x434;&#x440; &#x421;&#x435;&#x440;&#x433;&#x435;&#x435;&#x432;&#x438;&#x447;</subfield>
    <subfield code="3">RU\NLR\AUTH\77107073</subfield>
    <subfield code="9">89998</subfield>
  </datafield>
  <datafield tag="701" ind1=" " ind2="1">
    <subfield code="4">070</subfield>
    <subfield code="8">rus</subfield>
    <subfield code="7">ca</subfield>
    <subfield code="a">&#x41B;&#x430;&#x440;&#x438;&#x43D;</subfield>
    <subfield code="b">&#x41A;.</subfield>
    <subfield code="f">1966-</subfield>
    <subfield code="g">&#x41A;&#x430;&#x43C;&#x438;&#x43B;&#x44C;</subfield>
    <subfield code="3">RU\NLR\auth\77107074</subfield>
    <subfield code="9">89999</subfield>
  </datafield>
  <datafield tag="711" ind1="0" ind2="2">
    <subfield code="a">"&#x41A;&#x432;&#x430;&#x440;&#x442;&#x435;&#x442; &#x418;", &#x43A;&#x43E;&#x43C;&#x438;&#x447;&#x435;&#x441;&#x43A;&#x438;&#x439; &#x442;&#x435;&#x430;&#x442;&#x440;</subfield>
    <subfield code="c">&#x41C;&#x43E;&#x441;&#x43A;&#x432;&#x430;</subfield>
    <subfield code="3">RU\NLR\AUTH\8810107166</subfield>
    <subfield code="9">714526</subfield>
  </datafield>
  <datafield tag="801" ind1=" " ind2="0">
    <subfield code="a">RU</subfield>
    <subfield code="b">NLR</subfield>
    <subfield code="c">20111213</subfield>
    <subfield code="g">RCR</subfield>
  </datafield>
  <datafield tag="801" ind1=" " ind2="1">
    <subfield code="a">RU</subfield>
    <subfield code="b">NLR</subfield>
    <subfield code="c">20111213</subfield>
  </datafield>
  <datafield tag="942" ind1=" " ind2=" ">
    <subfield code="c">BOOK</subfield>
  </datafield>
  <datafield tag="980" ind1=" " ind2=" ">
    <subfield code="a">NB</subfield>
  </datafield>
  <datafield tag="980" ind1=" " ind2=" ">
    <subfield code="a">NBR</subfield>
  </datafield>
  <datafield tag="995" ind1=" " ind2=" ">
    <subfield code="5">2011-12-13</subfield>
    <subfield code="a">ad</subfield>
    <subfield code="b">NLR01</subfield>
    <subfield code="c">NLR01</subfield>
    <subfield code="e">RF8</subfield>
    <subfield code="f">3556867</subfield>
    <subfield code="k">2011-3/39876</subfield>
    <subfield code="o">0</subfield>
    <subfield code="r">BOOK</subfield>
    <subfield code="s">2011339876_</subfield>
  </datafield>
  <datafield tag="995" ind1=" " ind2=" ">
    <subfield code="5">2011-12-13</subfield>
    <subfield code="a">ad</subfield>
    <subfield code="b">NLR01</subfield>
    <subfield code="c">NLR01</subfield>
    <subfield code="e">RF8</subfield>
    <subfield code="f">3556868</subfield>
    <subfield code="k">2011-3/39876</subfield>
    <subfield code="o">0</subfield>
    <subfield code="r">BOOK</subfield>
    <subfield code="s">2011339876_</subfield>
  </datafield>
</record>
